Six Sigma : Concepts and Cases (Record no. 93772)

MARC details
000 -LEADER
fixed length control field 00681nam a2200193Ia 4500
005 - DATE AND TIME OF LATEST TRANSACTION
control field 20230420163107.0
008 - FIXED-LENGTH DATA ELEMENTS--GENERAL INFORMATION
fixed length control field 230125s9999 xx 000 0 und d
020 ## - INTERNATIONAL STANDARD BOOK NUMBER
International Standard Book Number 81-7881-262-2
041 ## - LANGUAGE CODE
Language code of text/sound track or separate title eng
082 ## - DEWEY DECIMAL CLASSIFICATION NUMBER
Classification number 658.562
Item number SIS
100 ## - MAIN ENTRY--PERSONAL NAME
Author Sisodiya A S
245 ## - TITLE STATEMENT
Title Six Sigma : Concepts and Cases
260 ## - PUBLICATION, DISTRIBUTION, ETC.
Date of publication, distribution, etc. 2004
Name of publisher, distributor, etc. ICFAI publication
Place of publication, distribution, etc. Hyderabad
300 ## - PHYSICAL DESCRIPTION
Extent 196p
500 ## - GENERAL NOTE
Keywords Six sigma;Case Studies;Case Studies in Six Sigma;Case Studies - ICFAI;Total Quality Management
650 ## - SUBJECT ADDED ENTRY--TOPICAL TERM
Topical term or geographic name entry element Six sigma;Case Studies;Case Studies in Six Sigma;Case Studies - ICFAI;Total Quality Management
700 ## - ADDED ENTRY--PERSONAL NAME
Personal name Sisodiya A S & Abhyankar M W, Donor
942 ## - ADDED ENTRY ELEMENTS (KOHA)
Koha item type Donated Book
Holdings
Withdrawn status Lost status Damaged status Not for loan Home library Current library Date acquired Vendor Net Price Full call number Barcode Date last seen Actual Price Bill Date Koha item type Original Barcode
        Smt. Hiraben Nanavati Institute of Management & Research for Women Smt. Hiraben Nanavati Institute of Management & Research for Women 01/12/2015 Donated Book- Outside Donar 1.00 658.562 SIS DB2234 HIMR-DB-2234 25/01/2023 1.00 25/01/2023 Donated Book DB2234